|
|
|
|
| LEADER |
00000nam0a2200000 4500 |
| 001 |
291117 |
| 005 |
20231102000345.0 |
| 020 |
|
|
|a RU
|b 83-88135
|
| 035 |
|
|
|a (RuTPU)RU\TPU\book\315679
|
| 090 |
|
|
|a 291117
|
| 100 |
|
|
|a 20150410d1983 m y0rusy5003 ca
|
| 101 |
0 |
|
|a rus
|
| 102 |
|
|
|a UA
|
| 105 |
|
|
|a a j 001zy
|
| 200 |
1 |
|
|a Технология монтажа металлических конструкций
|e учебник
|f В. Г. Колесниченко
|
| 210 |
|
|
|a Киев
|c Вища школа
|d 1983
|
| 215 |
|
|
|a 207 с.
|c ил.
|
| 320 |
|
|
|a Библиогр.: с. 204-205
|
| 606 |
1 |
|
|a Металлические конструкции
|x Монтаж
|2 stltpush
|3 (RuTPU)RU\TPU\subj\42320
|9 61999
|
| 610 |
1 |
|
|a методы
|
| 610 |
1 |
|
|a классификация
|
| 610 |
1 |
|
|a подготовительные процессы
|
| 610 |
1 |
|
|a технологические процессы
|
| 610 |
1 |
|
|a проектирование
|
| 610 |
1 |
|
|a одноэтажные здания
|
| 610 |
1 |
|
|a листовые конструкции
|
| 610 |
1 |
|
|a высотные сооружения
|
| 610 |
1 |
|
|a доменные комплексы
|
| 610 |
1 |
|
|a возведение
|
| 610 |
1 |
|
|a экономика
|
| 610 |
1 |
|
|a технологичность
|
| 610 |
1 |
|
|a учебники
|
| 675 |
|
|
|a 693.8(075.8)
|v 4
|
| 700 |
|
1 |
|a Колесниченко
|b В. Г.
|g Владимир Георгиевич
|
| 801 |
|
0 |
|a RU
|b RuMRKP
|c 19950704
|g psbo
|
| 801 |
|
1 |
|a RU
|b 63413507
|c 20150410
|
| 801 |
|
2 |
|a RU
|b 63413507
|c 20181219
|g RCR
|
| 942 |
|
|
|c BK
|